| 000 | 004280000a22001810004500 | ||
|---|---|---|---|
| 003 | MACL | ||
| 005 | 20150828115641.0 | ||
| 008 | 150828b xxu||||| |||| 00| 0 eng d | ||
| 040 |
_aMACL _cMACL |
||
| 041 | _aEnglish | ||
| 082 | _a780/RAJ | ||
| 100 |
_aRajagopalan N _97804 |
||
| 245 | _aThe Fragrant Garland | ||
| 260 |
_bCarnatic Classicals _c1996 _aChennai |
||
| 350 | _a260 | ||
| 650 |
_aMusic _97805 |
||
| 942 |
_cBK _k780 _2ddc |
||
| 999 |
_c1940 _d1940 |
||